| 000 | 00454nam a2200145Ia 4500 | ||
|---|---|---|---|
| 008 | 230917s9999||||xx |||||||||||||| ||und|| | ||
| 040 |
_e173819 _aMAIN |
||
| 041 | _aEnglish | ||
| 082 | _a891.43301731 SS23K | ||
| 100 | _aशर्मा, शलभ | ||
| 245 | 0 | _aकहानियाँ ही कहानियाँ | |
| 260 |
_aदिल्ली _bत्रिनेत्र प्रकाशन _c1995 |
||
| 300 | _a163 पृ. p. | ||
| 942 | _cHN | ||
| 999 |
_c94088 _d94088 |
||